000 00383nam a2200169Ia 4500
008 210210b1958 xxu||||| |||| 00| 0 eng d
041 _aeng
082 _a822/834
100 _aMAUGHAM (W S)
245 _aPoints of view
260 _aLondon
_bWilliam Heinemann Ltd.
_c1958
650 _aview
650 _aPoints
650 _aof
690 _aEnglish Prose
906 _a013018
999 _c131852
_d131852